| 000 | 00442cam a2200169ua 4500 | ||
|---|---|---|---|
| 041 |
_aeng _h |
||
| 082 |
_a028.71624 _bWIN/FO |
||
| 100 | _aWinterkorn, Hans F . | ||
| 245 |
_aFoundation engineering handbook / _cHans F Winterkorn. _hTextual Documents |
||
| 250 |
_a1 / _b. |
||
| 260 |
_aNewdelhi : _bGalgolia book house , _c1975. |
||
| 300 | _a751 ; . | ||
| 504 | _a | ||
| 700 | 1 | _aFans, Hsai-Yang . | |
| 942 | _cBK | ||
| 999 |
_c7106 _d7106 |
||